000
00267nam a2200109Ia 4500
008
190216s9999||||xx |||||||||||||| ||und||
100
_a
Phylee M V
245
0
_a
Constitutional Government In India
260
_b
Asia Publishing House
650
_a
History
942
_c
BK
999
_c
18944
_d
18944